[Event "Madrid ch - Semifinal A "]
[Site "Madrid ESP"]
[Date "2015.03.09"]
[Round "1.1"]
[White "Martos De La Vega, Alvar"]
[Black "Ortega Ruiz, Jose Miguel"]
[Result "0-1"]
[WhiteElo "1984"]
[BlackElo "2267"]
[PlyCount "70"]
[EventDate "2015.03.09"]
[EventType "swiss"]
[EventRounds "9"]
[EventCountry "ESP"]
[Source "lmi"]
[SourceDate "2015.03.09"]

1. d4 Nf6 2. c4 e6 3. Nc3 c5 4. d5 exd5 5. cxd5 d6 6. e4 g6 7. Nf3 Bg7 8. h3
O-O 9. Bd3 a6 10. a4 Qe7 11. O-O Nbd7 12. Bf4 Nh5 13. Bh2 Ne5 14. Be2 Nf6 15.
Bxe5 dxe5 16. Nd2 b6 17. Nc4 Rb8 18. Qb3 b5 19. axb5 axb5 20. Nd2 Bh6 21. Nf3
b4 22. Nb5 Nxe4 23. Ra7 Rb7 24. Rfa1 Nd6 25. R7a5 e4 26. Nxd6 Qxd6 27. Ra6 Qf4
28. Ne1 Qd2 29. Bc4 e3 30. fxe3 Bxe3+ 31. Kh1 Qf2 32. Nd3 Qg3 33. Nxc5 Bxh3 34.
Qc2 Be6 35. Qe4 Bg4 0-1

[Event "Madrid ch - Semifinal A "]
[Site "Madrid ESP"]
[Date "2015.03.09"]
[Round "1.2"]
[White "Suarez Uriel, Adrian"]
[Black "Gil Sierra, Jacinto"]
[Result "1-0"]
[WhiteElo "2243"]
[BlackElo "1972"]
[PlyCount "39"]
[EventDate "2015.03.09"]
[EventType "swiss"]
[EventRounds "9"]
[EventCountry "ESP"]
[Source "lmi"]
[SourceDate "2015.03.09"]

1. e4 c5 2. Ne2 Nc6 3. Nbc3 Nf6 4. d4 cxd4 5. Nxd4 d6 6. Bc4 e6 7. Be3 a6 8.
Qe2 Be7 9. O-O-O Qc7 10. Bb3 b5 11. Rhe1 Bb7 12. f4 b4 13. Nd5 exd5 14. exd5
Na5 15. Ba4+ Kf8 16. Nf5 Bxd5 17. Bb6 Qxb6 18. Qxe7+ Kg8 19. Rxd5 Nc6 20. Rxd6
1-0

[Event "Madrid ch - Semifinal A "]
[Site "Madrid ESP"]
[Date "2015.03.09"]
[Round "1.3"]
[White "Martin Martin, Luis Vicente"]
[Black "Ballesteros Gonzalez, David"]
[Result "0-1"]
[WhiteElo "1970"]
[BlackElo "2192"]
[PlyCount "52"]
[EventDate "2015.03.09"]
[EventType "swiss"]
[EventRounds "9"]
[EventCountry "ESP"]
[Source "lmi"]
[SourceDate "2015.03.09"]

1. d4 Nf6 2. Nf3 g6 3. Bf4 d6 4. e3 Bg7 5. h3 O-O 6. Be2 c5 7. c3 Nc6 8. dxc5
dxc5 9. Nbd2 Bf5 10. O-O h6 11. Nb3 Qb6 12. a4 a5 13. Bb5 Rfd8 14. Qc1 g5 15.
Bh2 Ne4 16. Nbd2 Na7 17. Be2 Nc8 18. Nc4 Qe6 19. Na3 Ncd6 20. Nb5 Nxb5 21. Bxb5
g4 22. hxg4 Bxg4 23. Be2 Bxf3 24. Bxf3 Nd2 25. Bxb7 Nxf1 26. Bxa8 Nxh2 0-1

[Event "Madrid ch - Semifinal A "]
[Site "Madrid ESP"]
[Date "2015.03.09"]
[Round "1.4"]
[White "Plazuelo Pascual, Juan"]
[Black "Ronco Garcia, Jose Luis"]
[Result "1-0"]
[WhiteElo "2162"]
[BlackElo "1962"]
[PlyCount "59"]
[EventDate "2015.03.09"]
[EventType "swiss"]
[EventRounds "9"]
[EventCountry "ESP"]
[Source "lmi"]
[SourceDate "2015.03.09"]

1. d4 d6 2. Nf3 g6 3. c4 Bg7 4. Nc3 Nf6 5. g3 O-O 6. Bg2 c6 7. O-O Nbd7 8. e4
e5 9. Rb1 a5 10. h3 Re8 11. Be3 Nh5 12. Qc2 Qe7 13. b3 exd4 14. Nxd4 Ne5 15.
Kh2 a4 16. Nxa4 b5 17. cxb5 cxb5 18. Nb6 Rb8 19. Nd5 Qb7 20. Nc7 Rd8 21. Ncxb5
Qa6 22. a4 Bb7 23. Rbc1 Rbc8 24. Qd2 Nf6 25. f3 d5 26. f4 Nc6 27. e5 Nxd4 28.
Bxd4 Ne4 29. Qe3 h5 30. Bb6 1-0

[Event "Madrid ch - Semifinal A "]
[Site "Madrid ESP"]
[Date "2015.03.09"]
[Round "1.5"]
[White "Garcia Gutierrez, Jose"]
[Black "Pastor Alonso De Prado, Alberto"]
[Result "0-1"]
[WhiteElo "1947"]
[BlackElo "2131"]
[PlyCount "42"]
[EventDate "2015.03.09"]
[EventType "swiss"]
[EventRounds "9"]
[EventCountry "ESP"]
[Source "lmi"]
[SourceDate "2015.03.09"]

1. b3 d5 2. Bb2 Nf6 3. g3 Bg4 4. Bg2 c6 5. Nf3 Nbd7 6. d3 e6 7. Nbd2 Be7 8. O-O
O-O 9. Re1 a5 10. h3 Bxf3 11. Nxf3 a4 12. a3 axb3 13. cxb3 Qb6 14. Nd2 Ra6 15.
e4 Bc5 16. Re2 Rfa8 17. Qc1 Nh5 18. b4 Nxg3 19. bxc5 Nxe2+ 20. Kf1 Nxc1 21.
cxb6 Nxd3 0-1

[Event "Madrid ch - Semifinal A "]
[Site "Madrid ESP"]
[Date "2015.03.09"]
[Round "1.6"]
[White "Alvarez Abejon, Amilcar"]
[Black "Pana, Dorin"]
[Result "0-1"]
[WhiteElo "2106"]
[BlackElo "1945"]
[PlyCount "96"]
[EventDate "2015.03.09"]
[EventType "swiss"]
[EventRounds "9"]
[EventCountry "ESP"]
[Source "lmi"]
[SourceDate "2015.03.09"]

1. e4 c5 2. Nc3 Nc6 3. Bb5 Nf6 4. Bxc6 dxc6 5. d3 Bg4 6. Nge2 e6 7. O-O Be7 8.
Be3 O-O 9. f3 Bh5 10. Ng3 Qc7 11. Qd2 Rad8 12. f4 Bg6 13. Qe2 h6 14. f5 exf5
15. exf5 Bh7 16. Nce4 Rfe8 17. Nh5 Nxe4 18. dxe4 Qe5 19. Qg4 Bd6 20. g3 Kh8 21.
c3 Bf8 22. f6 g6 23. Ng7 Qxe4 24. Qxe4 Rxe4 25. Bxh6 Rd5 26. Rfe1 Rxe1+ 27.
Rxe1 Rd8 28. Kf2 Bg8 29. Re4 Rd5 30. Ke2 Kh7 31. Rh4 g5 32. Bxg5+ Kg6 33. Rg4
Rxg5 34. Rxg5+ Kxg5 35. Ne8 c4 36. Ke3 Bc5+ 37. Ke4 Bg1 38. h4+ Kg4 39. Nd6 b5
40. Nc8 Bf2 41. Ne7 Bh7+ 42. Ke5 Bxg3+ 43. Kd4 Bf2+ 44. Ke5 c5 45. Nc6 a6 46.
Kd6 Kf5 47. Ke7 Bg6 48. Nd8 Bxh4 0-1

[Event "Madrid ch - Semifinal A "]
[Site "Madrid ESP"]
[Date "2015.03.09"]
[Round "1.7"]
[White "Perez Agusti, Luis"]
[Black "Cervino Rossel, Cristobal"]
[Result "0-1"]
[WhiteElo "1928"]
[BlackElo "2102"]
[PlyCount "144"]
[EventDate "2015.03.09"]
[EventType "swiss"]
[EventRounds "9"]
[EventCountry "ESP"]
[Source "lmi"]
[SourceDate "2015.03.09"]

1. d4 Nf6 2. Nf3 b6 3. g3 Bb7 4. Bg2 g6 5. c4 Bg7 6. Nc3 Ne4 7. Qc2 Nxc3 8.
Qxc3 c5 9. Be3 O-O 10. Qd2 d6 11. Bh6 cxd4 12. Bxg7 Kxg7 13. Qxd4+ Kg8 14. O-O
Nd7 15. Qh4 Nf6 16. b3 Qc8 17. Rfd1 Qg4 18. Rd4 Qxh4 19. Nxh4 Bxg2 20. Nxg2
Rfc8 21. f3 Rc5 22. e4 Rac8 23. a4 a6 24. Ne3 b5 25. axb5 axb5 26. b4 R5c7 27.
cxb5 Rb7 28. Nd5 Nxd5 29. Rxd5 Rc3 30. Kf2 Rc2+ 31. Ke3 Rxh2 32. Kd3 Rf2 33.
Ra6 e6 34. Rdxd6 Rxb5 35. Ke3 Rb2 36. Ra7 R5xb4 37. Rd8+ Kg7 38. Rdd7 R4b3+ 39.
Kf4 e5+ 40. Kg4 h5+ 41. Kh3 Rxf3 42. Rd5 Rbb3 43. Rxe5 Rxg3+ 44. Kh2 Rgc3 45.
Ra2 Rh3+ 46. Kg2 Rbg3+ 47. Kf2 Rh2+ 48. Kxg3 Rxa2 49. Re8 g5 50. Re5 Kg6 51.
Re8 Ra3+ 52. Kg2 h4 53. Rg8+ Kh5 54. Rg7 Re3 55. Rxf7 Rxe4 56. Kf3 Re6 57. Rh7+
Kg6 58. Rh8 Rf6+ 59. Kg4 Rf4+ 60. Kh3 Rf3+ 61. Kg2 Rg3+ 62. Kh2 Kf5 63. Ra8 Re3
64. Ra4 Re4 65. Ra2 g4 66. Rf2+ Kg5 67. Ra2 h3 68. Ra8 Re2+ 69. Kh1 Kh4 70. Ra4
Kg3 71. Ra3+ Kf2 72. Ra1 Re1+ 0-1

[Event "Madrid ch - Semifinal A "]
[Site "Madrid ESP"]
[Date "2015.03.09"]
[Round "1.8"]
[White "De La Puerta Cresis, Javier"]
[Black "Camacho Casado, Demetrio"]
[Result "1-0"]
[WhiteElo "2097"]
[BlackElo "1916"]
[PlyCount "57"]
[EventDate "2015.03.09"]
[EventType "swiss"]
[EventRounds "9"]
[EventCountry "ESP"]
[Source "lmi"]
[SourceDate "2015.03.09"]

1. e4 c5 2. Nf3 a6 3. Nc3 e6 4. d4 cxd4 5. Nxd4 Qc7 6. Be2 Nf6 7. O-O Be7 8. f4
d6 9. Be3 O-O 10. g4 Nc6 11. g5 Nxd4 12. Qxd4 Nd7 13. f5 Qc5 14. Qd3 Ne5 15.
Qd2 Bxg5 16. Bxc5 Bxd2 17. Bxd6 Bxc3 18. bxc3 Re8 19. Bxe5 exf5 20. Bd4 fxe4
21. Rab1 b5 22. c4 Bh3 23. Rf4 Rad8 24. c3 Re6 25. Bh5 g6 26. Be2 g5 27. Rf6
Rxd4 28. Rxe6 Rd2 29. Rxe4 1-0

[Event "Madrid ch - Semifinal A "]
[Site "Madrid ESP"]
[Date "2015.03.09"]
[Round "1.9"]
[White "Perea Blanco, David"]
[Black "Correas Gonzalez, Jose Ramon"]
[Result "0-1"]
[WhiteElo "1914"]
[BlackElo "2091"]
[PlyCount "84"]
[EventDate "2015.03.09"]
[EventType "swiss"]
[EventRounds "9"]
[EventCountry "ESP"]
[Source "lmi"]
[SourceDate "2015.03.09"]

1. d4 Nf6 2. Nf3 g6 3. g3 Bg7 4. Bg2 O-O 5. O-O d6 6. c4 Nbd7 7. Nc3 e5 8. e3
Nh5 9. b3 Re8 10. Bb2 e4 11. Nd2 f5 12. Re1 Ndf6 13. f3 exf3 14. Nxf3 Ng4 15.
Qd2 Bh6 16. Nd1 Re7 17. Qd3 Qe8 18. Bc1 f4 19. gxf4 Nxf4 20. Qf1 Nxg2 21. Qxg2
Nxe3 22. Bxe3 Bxe3+ 23. Nxe3 Rxe3 24. Qf2 Rxe1+ 25. Rxe1 Qf8 26. Qg3 Bd7 27.
Ng5 Re8 28. Rf1 Qg7 29. Qh4 Bf5 30. Nf3 Qe7 31. Qxe7 Rxe7 32. Kf2 Bg4 33. Re1
Rf7 34. Re3 Kg7 35. Kg3 Rxf3+ 36. Rxf3 Bxf3 37. Kxf3 Kf6 38. h4 h6 39. b4 g5
40. hxg5+ Kxg5 41. a4 Kf5 42. c5 Ke6 0-1

[Event "Madrid ch - Semifinal A "]
[Site "Madrid ESP"]
[Date "2015.03.09"]
[Round "1.11"]
[White "Rueda Maria, Ramiro"]
[Black "Gonzalez Rivera, Eduardo"]
[Result "1/2-1/2"]
[WhiteElo "1903"]
[BlackElo "2088"]
[PlyCount "99"]
[EventDate "2015.03.09"]
[EventType "swiss"]
[EventRounds "9"]
[EventCountry "ESP"]
[Source "lmi"]
[SourceDate "2015.03.09"]

1. Nf3 d5 2. d4 Nf6 3. c4 c6 4. Nc3 e6 5. cxd5 exd5 6. Bg5 Be7 7. e3 Ne4 8.
Bxe7 Qxe7 9. Bd3 f5 10. O-O O-O 11. Ne5 Nd7 12. f4 Ndf6 13. Bxe4 fxe4 14. Qb3
Kh8 15. Rf2 Ng4 16. Nxg4 Bxg4 17. Raf1 b5 18. Qc2 a5 19. Rc1 Rf6 20. Ne2 Rh6
21. Ng3 Bd7 22. Qd2 b4 23. Rc5 Qd8 24. Nf1 Qb6 25. Qc1 Bc8 26. Rfc2 Bb7 27. a4
Rf8 28. Nd2 g5 29. fxg5 Rh5 30. Nb3 Rxg5 31. Qe1 Rgf5 32. Nd2 b3 33. Rc1 Qb4
34. R5c3 Qxa4 35. Nxb3 Ba6 36. Nc5 Qb5 37. Nxa6 Qxa6 38. R3c2 Qd3 39. Qe2 Qxe2
40. Rxe2 R5f6 41. Rec2 Rb8 42. Rxc6 Rxc6 43. Rxc6 Rxb2 44. Rc5 a4 45. Ra5 Re2
46. Rxa4 Rxe3 47. Ra5 Rd3 48. Rxd5 e3 49. Kf1 Rd2 50. Re5 1/2-1/2

[Event "Madrid ch - Semifinal A "]
[Site "Madrid ESP"]
[Date "2015.03.09"]
[Round "1.12"]
[White "Blanco Sanchez, Jose Fernando"]
[Black "Camarero Izquierdo, Juan Carlos"]
[Result "1/2-1/2"]
[WhiteElo "2062"]
[BlackElo "1888"]
[PlyCount "85"]
[EventDate "2015.03.09"]
[EventType "swiss"]
[EventRounds "9"]
[EventCountry "ESP"]
[Source "lmi"]
[SourceDate "2015.03.09"]

1. c4 b6 2. Nc3 Bb7 3. e4 e5 4. d3 Nf6 5. g3 Bb4 6. Nge2 c5 7. Bg2 Nc6 8. O-O
Bxc3 9. Nxc3 Nd4 10. f4 d6 11. fxe5 dxe5 12. Bg5 Qd6 13. Bxf6 gxf6 14. Nd5 Bxd5
15. cxd5 h5 16. Bh3 Ke7 17. Bf5 Rag8 18. Rf2 Rg5 19. Qa4 a5 20. Raf1 Rhg8 21.
Kh1 h4 22. gxh4 Rh5 23. a3 Rxh4 24. b4 cxb4 25. axb4 Rgh8 26. Rb2 Qc7 27. d6+
Qxd6 28. bxa5 b5 29. Qd1 b4 30. Qa4 R8h5 31. Bc8 Nc6 32. Qb5 Kf8 33. Bb7 Qd4
34. Rg2 Na7 35. Qb6 Qxd3 36. Qxb4+ Ke8 37. Rg8+ Kd7 38. Qa4+ Nb5 39. Rf2 Rxh2+
40. Rxh2 Qf1+ 41. Rg1 Qf3+ 42. Rgg2 Qf1+ 43. Rg1 1/2-1/2

[Event "Madrid ch - Semifinal A "]
[Site "Madrid ESP"]
[Date "2015.03.09"]
[Round "1.13"]
[White "Morera Rodriguez, Ignacio"]
[Black "Beyerholm, Arne"]
[Result "0-1"]
[WhiteElo "1887"]
[BlackElo "2058"]
[PlyCount "84"]
[EventDate "2015.03.09"]
[EventType "swiss"]
[EventRounds "9"]
[EventCountry "ESP"]
[Source "lmi"]
[SourceDate "2015.03.09"]

1. d4 d5 2. c4 e6 3. Nf3 Nf6 4. g3 dxc4 5. Bg2 a6 6. O-O Nc6 7. e3 Rb8 8. Nfd2
Be7 9. Nxc4 O-O 10. Nc3 Bd7 11. e4 b5 12. Ne3 b4 13. Ne2 Na7 14. e5 Ne8 15. Qc2
Bb5 16. Rd1 c6 17. Nf4 Nc7 18. a4 bxa3 19. bxa3 a5 20. a4 Ba6 21. Bxc6 Nxc6 22.
Qxc6 Bb7 23. Qc2 Bf3 24. Re1 Na6 25. Qd3 Nb4 26. Qd2 Bg5 27. Nh3 Bh6 28. Ba3
Qd7 29. g4 Bxg4 30. Kg2 Qb7+ 31. d5 Nxd5 32. Kg3 Nxe3 33. Rxe3 Rfd8 34. Bd6
Bxh3 35. Kxh3 Bxe3 36. Qxe3 Qb2 37. Ra3 Rbc8 38. Rd3 Qb1 39. Kg2 h6 40. Qd2 Rd7
41. Rg3 Qe4+ 42. Kg1 Rb7 0-1

[Event "Madrid ch - Semifinal A "]
[Site "Madrid ESP"]
[Date "2015.03.09"]
[Round "1.14"]
[White "Bajo Vicente, Alberto"]
[Black "Lopez Heras, Arturo"]
[Result "1-0"]
[WhiteElo "2046"]
[BlackElo "1873"]
[PlyCount "107"]
[EventDate "2015.03.09"]
[EventType "swiss"]
[EventRounds "9"]
[EventCountry "ESP"]
[Source "lmi"]
[SourceDate "2015.03.09"]

1. d4 Nf6 2. Bg5 g6 3. Bxf6 exf6 4. e3 Bg7 5. g3 Qe7 6. Nc3 c6 7. Bg2 d5 8.
Nge2 O-O 9. O-O Bg4 10. h3 Bxe2 11. Qxe2 f5 12. Qd3 Nd7 13. Ne2 Nf6 14. c4 dxc4
15. Qxc4 Ne4 16. Rad1 Rad8 17. Rfe1 Rfe8 18. Nc3 Qe6 19. Qxe6 Rxe6 20. Rc1 g5
21. Red1 Re7 22. b4 Nxc3 23. Rxc3 f4 24. Rcd3 fxg3 25. fxg3 Rde8 26. Kf2 h5 27.
Bf3 h4 28. gxh4 gxh4 29. Rg1 Kf8 30. Rg4 Bf6 31. Bd1 Re4 32. Kf3 Rxg4 33. Kxg4
Kg7 34. Kf5 Be7 35. Rb3 a6 36. Bf3 Bd6 37. e4 Bg3 38. e5 Rd8 39. Rd3 Bf2 40.
Ke4 Rd5 41. Bg4 Rb5 42. a3 a5 43. Be2 Bg3 44. Rf3 Rb6 45. bxa5 Rb2 46. Bc4 Rf2
47. Rb3 Rf4+ 48. Ke3 c5 49. Rxb7 cxd4+ 50. Kd3 Rf5 51. a6 Bxe5 52. Bd5 Bb8 53.
Rxb8 Rxd5 54. a7 1-0

[Event "Madrid ch - Semifinal A "]
[Site "Madrid ESP"]
[Date "2015.03.09"]
[Round "1.16"]
[White "Tereso Martin, Antonio"]
[Black "Lozano Sanchez, Jose Antonio"]
[Result "1/2-1/2"]
[WhiteElo "2033"]
[BlackElo "1866"]
[PlyCount "38"]
[EventDate "2015.03.09"]
[EventType "swiss"]
[EventRounds "9"]
[EventCountry "ESP"]
[Source "lmi"]
[SourceDate "2015.03.09"]

1. c4 c5 2. Nc3 Nc6 3. g3 g6 4. Bg2 Bg7 5. Nf3 Nf6 6. O-O O-O 7. d4 cxd4 8.
Nxd4 Qb6 9. Nb3 d6 10. Be3 Qd8 11. Qc1 Be6 12. Nd5 Rc8 13. Nf4 Bd7 14. c5 dxc5
15. Nxc5 b6 16. Nxd7 Qxd7 17. Rd1 Qc7 18. Rd2 Ne5 19. Qb1 Rfd8 1/2-1/2

[Event "Madrid ch - Semifinal A "]
[Site "Madrid ESP"]
[Date "2015.03.09"]
[Round "1.17"]
[White "Perez Cameselle, Francisco"]
[Black "Tejedor Ariza, Francisco"]
[Result "0-1"]
[WhiteElo "1862"]
[BlackElo "2032"]
[PlyCount "60"]
[EventDate "2015.03.09"]
[EventType "swiss"]
[EventRounds "9"]
[EventCountry "ESP"]
[Source "lmi"]
[SourceDate "2015.03.09"]

1. Nf3 c5 2. g3 Nc6 3. Bg2 e5 4. d3 d6 5. Nc3 Nge7 6. e4 f6 7. O-O Be6 8. Be3
Qd7 9. Nd2 O-O-O 10. Nd5 h5 11. h4 Bg4 12. f3 Bh3 13. c3 Nxd5 14. exd5 Ne7 15.
c4 Bxg2 16. Kxg2 Nf5 17. Bf2 g5 18. Ne4 Be7 19. Kh2 Rdg8 20. Qd2 Nh6 21. Be3
Nf7 22. hxg5 f5 23. Nf6 Bxf6 24. gxf6 h4 25. g4 fxg4 26. fxg4 Rxg4 27. Bf2 Ng5
28. Qe3 Rg3 29. Bxg3 Qh3+ 30. Kg1 hxg3 0-1

[Event "Madrid ch - Semifinal A "]
[Site "Madrid ESP"]
[Date "2015.03.09"]
[Round "1.18"]
[White "Andalon Gomez, Carlos J"]
[Black "Jimenez Gonzalez, Marcos"]
[Result "1-0"]
[WhiteElo "2022"]
[BlackElo "1851"]
[PlyCount "69"]
[EventDate "2015.03.09"]
[EventType "swiss"]
[EventRounds "9"]
[EventCountry "ESP"]
[Source "lmi"]
[SourceDate "2015.03.09"]

1. d4 d5 2. c4 c6 3. Nc3 Nf6 4. Bg5 dxc4 5. e4 b5 6. Bxf6 exf6 7. Nf3 Be7 8. a4
b4 9. Ne2 Qa5 10. g3 Ba6 11. Bg2 O-O 12. O-O Nd7 13. d5 cxd5 14. Nfd4 Bc5 15.
Nc6 Qb6 16. exd5 Ne5 17. a5 Qb5 18. Ned4 Bxd4 19. Qxd4 Nxc6 20. dxc6 Rfd8 21.
Qf4 Rf8 22. Rfd1 Qe5 23. Qd2 c3 24. bxc3 bxc3 25. Qc2 Rad8 26. Rdc1 Rd2 27. Qe4
Qc5 28. Qf3 Rfd8 29. Rxc3 Qe5 30. c7 Rc8 31. Bh3 Re8 32. Qe3 Qxe3 33. fxe3 Bc8
34. Bxc8 Rxc8 35. Rb1 1-0

[Event "Madrid ch - Semifinal A "]
[Site "Madrid ESP"]
[Date "2015.03.09"]
[Round "1.19"]
[White "Corral Aragon, Juan Maria"]
[Black "Pinel Mirasierra, Jose Pablo"]
[Result "1-0"]
[WhiteElo "1830"]
[BlackElo "2021"]
[PlyCount "104"]
[EventDate "2015.03.09"]
[EventType "swiss"]
[EventRounds "9"]
[EventCountry "ESP"]
[Source "lmi"]
[SourceDate "2015.03.09"]

1. e4 d6 2. d4 Nf6 3. Nc3 g6 4. Bg5 Bg7 5. Qd2 c6 6. Bh6 Bxh6 7. Qxh6 Qa5 8. f3
Na6 9. O-O-O Be6 10. d5 Bd7 11. Bc4 Rg8 12. e5 dxe5 13. d6 Qc5 14. Bxa6 bxa6
15. dxe7 Qxe7 16. Nh3 O-O-O 17. Ng5 Rge8 18. h4 Be6 19. Nxe6 Qxe6 20. Qe3 Kb8
21. Na4 Nd7 22. Kb1 Qc4 23. b3 Qf4 24. Qc3 Kb7 25. Rxd7+ Rxd7 26. Nc5+ Kc8 27.
Nxd7 Kxd7 28. Rd1+ Ke7 29. Qc5+ Kf6 30. Qxc6+ Re6 31. Qe4 Qg3 32. Qg4 Qf2 33.
Qg5+ Kg7 34. h5 h6 35. Qd2 Qg3 36. hxg6 Rxg6 37. c4 Qxg2 38. Qxg2 Rxg2 39. c5
Rg6 40. b4 Rc6 41. Kc2 Kf6 42. Kd3 Ke6 43. Kc4 Kf5 44. Rd7 f6 45. Kd5 Rc8 46.
c6 Kf4 47. Rxa7 f5 48. Rf7 Rd8+ 49. Ke6 Re8+ 50. Kd7 Rb8 51. c7 Rb7 52. Kc6
Rxc7+ 1-0

[Event "Madrid ch - Semifinal A "]
[Site "Madrid ESP"]
[Date "2015.03.09"]
[Round "1.20"]
[White "Ciuro Munoz, Ricardo"]
[Black "Roldan Garcia, Angel"]
[Result "1/2-1/2"]
[WhiteElo "2016"]
[BlackElo "1826"]
[PlyCount "75"]
[EventDate "2015.03.09"]
[EventType "swiss"]
[EventRounds "9"]
[EventCountry "ESP"]
[Source "lmi"]
[SourceDate "2015.03.09"]

1. e4 c5 2. Nf3 e6 3. c3 d5 4. e5 Nc6 5. d4 Bd7 6. a3 Qb6 7. b4 cxd4 8. cxd4
Rc8 9. Be2 Nge7 10. O-O Ng6 11. Be3 Be7 12. Nbd2 O-O 13. Nb3 Qd8 14. Nc5 Rc7
15. Rc1 f6 16. exf6 Bxf6 17. Bb5 Qe8 18. Bd3 Be7 19. Bxg6 Qxg6 20. b5 Na5 21.
Ne5 Qe8 22. Ncxd7 Rxd7 23. Nxd7 Qxd7 24. a4 Nc4 25. Qe2 Bd6 26. Rxc4 dxc4 27.
Qxc4 Rc8 28. Qb3 Re8 29. d5 e5 30. Bxa7 Qf5 31. Be3 e4 32. g3 h5 33. h4 Qh3 34.
Re1 Bxg3 35. fxg3 Qxg3+ 36. Kf1 Qf3+ 37. Kg1 Qg3+ 38. Kf1 1/2-1/2

[Event "Madrid ch - Semifinal A "]
[Site "Madrid ESP"]
[Date "2015.03.09"]
[Round "1.21"]
[White "Osorio Ramos, Francisco"]
[Black "Spitzer Isbert, Ramon"]
[Result "0-1"]
[WhiteElo "1788"]
[BlackElo "2011"]
[PlyCount "130"]
[EventDate "2015.03.09"]
[EventType "swiss"]
[EventRounds "9"]
[EventCountry "ESP"]
[Source "lmi"]
[SourceDate "2015.03.09"]

1. d4 Nf6 2. Nf3 g6 3. c4 Bg7 4. Nc3 O-O 5. e4 d6 6. Be2 e5 7. d5 Na6 8. Bg5 h6
9. Be3 Nc5 10. Nd2 a5 11. O-O Bd7 12. b3 Ne8 13. f3 f5 14. exf5 gxf5 15. Rc1
Nf6 16. Qc2 Qe8 17. Kh1 Nh5 18. Rce1 Qe7 19. f4 Nxf4 20. Bxf4 exf4 21. Bd3 Qf6
22. Nb5 Bxb5 23. cxb5 Nxd3 24. Qxd3 Rae8 25. Nf3 Qf7 26. Rxe8 Rxe8 27. Nh4 Re4
28. Qc2 Bd4 29. Nf3 Bb6 30. Qd3 Qe7 31. Qb1 Qg7 32. Qc2 Qe7 33. Qb1 Qf7 34. Qd3
Qf6 35. Qc2 Qg7 36. Qd2 a4 37. bxa4 Rxa4 38. Qc2 Rb4 39. Qe2 Re4 40. Qd2 Kf7
41. Qc2 Ke8 42. Qc1 Qf7 43. Qd2 Qf6 44. Qc1 Kd7 45. Qa3 Qf7 46. Qd3 Kc8 47. Rd1
Qf6 48. Qc2 Re3 49. Qa4 Re4 50. Qa8+ Kd7 51. Qxb7 Rc4 52. Qa8 Qb2 53. Qf8 Qc2
54. Re1 Be3 55. b6 cxb6 56. Qf7+ Kc8 57. Qe6+ Kb7 58. Qxd6 Rc7 59. h3 Rg7 60.
Nh4 Rc7 61. Qa3 Bf2 62. d6 Bxe1 63. dxc7 Bxh4 64. Qf3+ Qe4 65. Qc3 Qb1+ 0-1

[Event "Madrid ch - Semifinal A "]
[Site "Madrid ESP"]
[Date "2015.03.09"]
[Round "1.22"]
[White "Garcia-Ruiz Fuentes, Aitor"]
[Black "Rottenwohrer Suarez, Juan"]
[Result "1-0"]
[WhiteElo "2007"]
[BlackElo "1640"]
[PlyCount "97"]
[EventDate "2015.03.09"]
[EventType "swiss"]
[EventRounds "9"]
[EventCountry "ESP"]
[Source "lmi"]
[SourceDate "2015.03.09"]

1. d4 Nf6 2. c4 g6 3. Nc3 Bg7 4. e4 d6 5. f4 O-O 6. Nf3 Nbd7 7. Be2 e5 8. fxe5
dxe5 9. d5 c6 10. Be3 Ng4 11. Bg1 f5 12. h3 Ngf6 13. Ng5 Nxe4 14. Ncxe4 fxe4
15. Be3 Nf6 16. Qb3 Qa5+ 17. Bd2 Qb6 18. dxc6 Qxb3 19. axb3 bxc6 20. c5 Re8 21.
Bc4+ Kf8 22. O-O Ke7 23. Nxh7 Rh8 24. Ng5 Rf8 25. Rae1 Bf5 26. g4 Bd7 27. Nxe4
Nxe4 28. Rxe4 Rxf1+ 29. Kxf1 Be6 30. Bc3 Bxc4+ 31. bxc4 Ke6 32. Kg2 g5 33. Re1
Rb8 34. Ra1 Rb7 35. Ra6 Kd7 36. Kf3 Rc7 37. Ke4 Kc8 38. Bd2 Kb7 39. Ra3 Rd7 40.
Be3 Bf6 41. Kf5 Be7 42. Ke6 Kc8 43. Kxe5 Bd8 44. Kf5 Rf7+ 45. Kg6 Rf6+ 46. Kh5
Rf8 47. Bxg5 Rh8+ 48. Bh6 Be7 49. Rxa7 1-0

[Event "Madrid ch - Semifinal A "]
[Site "Madrid ESP"]
[Date "2015.03.09"]
[Round "1.23"]
[White "Sanchez Hernandez, Guillermo"]
[Black "Lorenzo Bailador, Alfredo"]
[Result "1/2-1/2"]
[WhiteElo "2100"]
[BlackElo "1998"]
[PlyCount "30"]
[EventDate "2015.03.09"]
[EventType "swiss"]
[EventRounds "9"]
[EventCountry "ESP"]
[Source "lmi"]
[SourceDate "2015.03.09"]

1. e4 e5 2. Nf3 Nc6 3. Bb5 a6 4. Ba4 Nf6 5. O-O Nxe4 6. d4 b5 7. Bb3 d5 8. dxe5
Be6 9. Qe2 Be7 10. Rd1 O-O 11. Nbd2 Nc5 12. c3 Na5 13. Bc2 Nc4 14. Nd4 Qd7 15.
h3 g6 1/2-1/2

[Event "Madrid ch - Semifinal A "]
[Site "Madrid ESP"]
[Date "2015.03.10"]
[Round "2.1"]
[White "Ortega Ruiz, Jose Miguel"]
[Black "Bajo Vicente, Alberto"]
[Result "1/2-1/2"]
[WhiteElo "2267"]
[BlackElo "2046"]
[PlyCount "38"]
[EventDate "2015.03.09"]
[EventType "swiss"]
[EventRounds "9"]
[EventCountry "ESP"]
[Source "lmi"]
[SourceDate "2015.03.09"]

1. e4 c6 2. d4 d5 3. e5 Bf5 4. Nc3 e6 5. g4 Bg6 6. Nge2 f6 7. Nf4 fxe5 8. Nxg6
hxg6 9. dxe5 Nd7 10. Bf4 Bc5 11. Na4 Bb4+ 12. c3 Ba5 13. Bd3 Ne7 14. b4 Bc7 15.
Qe2 Qb8 16. O-O-O a5 17. b5 Bxe5 18. Bd2 Qd6 19. Rde1 Qa3+ 1/2-1/2

[Event "Madrid ch - Semifinal A "]
[Site "Madrid ESP"]
[Date "2015.03.10"]
[Round "2.2"]
[White "Tejedor Ariza, Francisco"]
[Black "Suarez Uriel, Adrian"]
[Result "0-1"]
[WhiteElo "2032"]
[BlackElo "2243"]
[PlyCount "78"]
[EventDate "2015.03.09"]
[EventType "swiss"]
[EventRounds "9"]
[EventCountry "ESP"]
[Source "lmi"]
[SourceDate "2015.03.09"]

1. e4 d6 2. Nf3 Nf6 3. Nc3 e5 4. Bc4 Be7 5. h3 O-O 6. O-O Nbd7 7. d3 c6 8. a4
b6 9. Re1 a6 10. Be3 Bb7 11. Ba2 Qc7 12. d4 Rad8 13. Qe2 b5 14. dxe5 dxe5 15.
a5 Bb4 16. Bb6 Nxb6 17. axb6 Qe7 18. Red1 Nd7 19. h4 h6 20. Rd3 Nxb6 21. Rad1
Rxd3 22. Qxd3 Bc8 23. Ne2 Na4 24. c3 Nxb2 25. Qc2 Nxd1 26. cxb4 Rd8 27. Qxc6
Qa7 28. Kh2 Nxf2 29. Nxe5 Qb8 30. Bxf7+ Kh8 31. Kg1 Qxe5 32. Kxf2 Rf8 33. Ke3
Bg4 34. Nf4 Bf5 35. Bd5 Bxe4 36. Bxe4 Qxf4+ 37. Kd4 Qf2+ 38. Kd5 Rd8+ 39. Ke5
Qf6+ 0-1

[Event "Madrid ch - Semifinal A "]
[Site "Madrid ESP"]
[Date "2015.03.10"]
[Round "2.4"]
[White "Spitzer Isbert, Ramon"]
[Black "Plazuelo Pascual, Juan"]
[Result "1-0"]
[WhiteElo "2011"]
[BlackElo "2162"]
[PlyCount "111"]
[EventDate "2015.03.09"]
[EventType "swiss"]
[EventRounds "9"]
[EventCountry "ESP"]
[Source "lmi"]
[SourceDate "2015.03.09"]

1. Nf3 d5 2. c4 d4 3. d3 Nc6 4. g3 e5 5. Bg2 Bb4+ 6. Nbd2 a5 7. O-O Nf6 8. a3
Be7 9. b3 O-O 10. Ne1 Bg4 11. Nc2 Qd7 12. Re1 Bh3 13. Bf3 h5 14. Ne4 Nxe4 15.
Bxe4 Bf5 16. Bd5 Be6 17. Bg2 h4 18. Rb1 Bh3 19. Bd5 Nd8 20. e3 c6 21. Bf3 Ne6
22. exd4 exd4 23. Bg4 Bxg4 24. Qxg4 Rad8 25. b4 Ng5 26. Qxd7 Nf3+ 27. Kh1 Rxd7
28. Re2 Bf6 29. Ne1 Nxe1 30. Rxe1 axb4 31. axb4 Ra8 32. Kg2 hxg3 33. hxg3 b5
34. cxb5 cxb5 35. Kf3 Rc7 36. Bf4 Rc3 37. Rbd1 Raa3 38. Re8+ Kh7 39. Ke4 Kg6
40. Rb8 Ra2 41. Rd2 Rxd2 42. Bxd2 Rc2 43. Bf4 Rxf2 44. Rxb5 Re2+ 45. Kd5 Re3
46. Kc4 Re8 47. Rb8 Re2 48. b5 Kf5 49. Ra8 g5 50. Bd6 Rb2 51. Re8 Bg7 52. Kc5
Rc2+ 53. Kd5 Rb2 54. Kc4 g4 55. Bc5 Be5 56. Rxe5+ 1-0